| 000 | 01222cam a22003377a 4500 | ||
|---|---|---|---|
| 003 | CHAP | ||
| 005 | 20220329135608.0 | ||
| 008 | 971013s1995 mx a r 00010 spa d | ||
| 010 | _a39069 | ||
| 011 | _a40041 | ||
| 035 | _a44166 | ||
| 040 | _cCHAP | ||
| 090 | _aTesis | ||
| 100 | 0 | 0 |
_aHernández Benítez, Víctor. _953856 |
| 245 | 1 | 3 |
_aEl comercio exterior México - Chile 1982-1993 _c/por Víctor Hernández Benítez |
| 260 |
_aChapingo, Méx. : _bEl autor, _c1995 |
||
| 300 |
_a79 h. : _bilus. |
||
| 502 | _aTesis (Ing. Agr. Esp. en Economía Agrícola) -- UACH. Departamento de Economía Agrícola | ||
| 590 |
_aALEPH _b10 _c20130110 _lUCH01 _h1305 |
||
| 590 |
_aBATCH-UPD _b10 _c20130110 _lUCH01 _h1949 |
||
| 590 |
_aBATCH-UPD _b10 _c20130410 _lUCH01 _h1311 |
||
| 590 |
_aBATCH-UPD _b10 _c20130914 _lUCH01 _h1014 |
||
| 590 |
_aCONVERSION _b10 _c20130109 _lUCH01 _h1322 |
||
| 650 | 1 | 4 |
_aComercio exterior _zMéxico. _925638 |
| 650 | 1 | 4 |
_aMéxico _xComercio _zChile. _976714 |
| 790 | 0 | _aAcuerdo de Complementación Económica en los Flujos Comerciales entre México y Chile | |
| 901 | _aBK | ||
| 942 | _cFOLL | ||
| 949 |
_bBC _cTES _d-101146 _eTS1 _h27521 _i44166 _si |
||
| 949 |
_bBC _cTES _d-101147 _eTS2 _fc.2 _h27522 _i44166 _si |
||
| 999 |
_c39069 _d39069 |
||